[Event "GER-ch Net qual3 U18"]
[Site "Playchess.com INT"]
[Date "2009.05.17"]
[Round "2"]
[White "Andre, Jonas"]
[Black "Lehr, Albert"]
[Result "0-1"]
[WhiteElo "1282"]
[BlackElo "1750"]
[PlyCount "58"]
[EventDate "2009.05.17"]
[EventType "swiss (blitz)"]
[EventRounds "7"]
[EventCountry "GER"]
[SourceTitle "CBM 130 Extra"]
[Source "ChessBase"]
[SourceDate "2009.07.02"]
[SourceVersion "2"]
[SourceVersionDate "2009.07.15"]
[SourceQuality "1"]

1. e4 c5 2. c3 d5 3. e5 Nc6 4. d4 Bf5 5. Nf3 e6 6. Be2 Be7 7. 0-0 cxd4 8. cxd4 Rc8 9. Be3 Bb4 10. Nc3 Bxc3 11. bxc3 Nge7 12. Bd3 0-0 13. Nh4 Bxd3 14. Qxd3 Na5 15. Bf4 Nc4 16. Qg3 Ng6 17. Bg5 Qa5 18. Nxg6 fxg6 19. h4 Rf5 20. h5 gxh5 21. Bf6 Rc7 22. Bd8 Nd2 23. Rfd1 Ne4 24. Qh3 Nxf2 25. Bxc7 Nxh3+ 26. gxh3 Qxc7 27. Kh2 Qf7 28. Kg2 Rf2+ 29. Kg1 Qf3 0-1

[Event "GER-ch Net qual3 U18"]
[Site "Playchess.com INT"]
[Date "2009.05.17"]
[Round "1"]
[White "Lehr, Albert"]
[Black "Savchenko, Aleksij"]
[Result "0-1"]
[WhiteElo "1750"]
[BlackElo "2239"]
[PlyCount "54"]
[EventDate "2009.05.17"]
[EventType "swiss (blitz)"]
[EventRounds "7"]
[EventCountry "GER"]
[SourceTitle "CBM 130 Extra"]
[Source "ChessBase"]
[SourceDate "2009.07.02"]
[SourceVersion "2"]
[SourceVersionDate "2009.07.15"]
[SourceQuality "1"]

1. e4 c5 2. Nf3 d6 3. d4 cxd4 4. Nxd4 Nf6 5. Nc3 e6 6. Bg5 Be7 7. Qd2 h6 8. Be3 a6 9. Bd3 Nbd7 10. 0-0-0 Qc7 11. f4 b5 12. f5 e5 13. Nb3 Bb7 14. Bxb5 axb5 15. Nxb5 Qb8 16. a3 Nxe4 17. Qe2 Ba6 18. a4 Ndf6 19. Rhf1 0-0 20. Kb1 d5 21. Nd2 Nxd2+ 22. Rxd2 d4 23. Bf2 Bxb5 24. axb5 Bb4 25. Rd3 Qxb5 26. Qd1 Bc3 27. Qc1 Rfb8 0-1

[Event "GER-ch Net qual3 U18"]
[Site "Playchess.com INT"]
[Date "2009.05.17"]
[Round "5"]
[White "Zuferi, Enis"]
[Black "Lehr, Albert"]
[Result "1-0"]
[WhiteElo "1968"]
[BlackElo "1750"]
[PlyCount "72"]
[EventDate "2009.05.17"]
[EventType "swiss (blitz)"]
[EventRounds "7"]
[EventCountry "GER"]
[SourceTitle "CBM 130 Extra"]
[Source "ChessBase"]
[SourceDate "2009.07.02"]
[SourceVersion "2"]
[SourceVersionDate "2009.07.15"]
[SourceQuality "1"]

1. d4 d5 2. c4 c6 3. Nc3 Nf6 4. Nf3 Bg4 5. e3 Nbd7 6. Bd3 g6 7. 0-0 Bg7 8. b3 0-0 9. Bb2 e5 10. Be2 e4 11. Nd2 Be6 12. f3 exf3 13. Nxf3 dxc4 14. bxc4 Nb6 15. Qb3 Qd7 16. h3 Rfe8 17. e4 Bxh3 18. gxh3 Nxe4 19. Nxe4 Rxe4 20. Rf2 Qxh3 21. Ng5 Qxb3 22. axb3 Re7 23. Raf1 f5 24. c5 Nd5 25. Bc4 Rae8 26. b4 h6 27. Nh3 Kh7 28. Bxd5 cxd5 29. Nf4 Re4 30. Nxd5 Rg4+ 31. Rg2 Rxg2+ 32. Kxg2 Re2+ 33. Rf2 Rxb2 34. Rxb2 Bxd4 35. Rd2 Be5 36. Re2 Bf6 1-0

[Event "GER-chT Lands U20"]
[Site "Dresden"]
[Date "2008.11.18"]
[Round "7.5"]
[White "Schulenburg, Torben"]
[Black "Lehr, Albert"]
[Result "1-0"]
[WhiteElo "1905"]
[BlackElo "1668"]
[PlyCount "57"]
[EventDate "2008.11.14"]
[EventType "team-swiss"]
[EventRounds "7"]
[EventCountry "GER"]
[SourceTitle "EXT 2010"]
[Source "ChessBase"]
[SourceDate "2010.11.25"]
[SourceVersion "1"]
[SourceVersionDate "2010.11.25"]
[SourceQuality "1"]
[WhiteTeam "Hamburg"]
[BlackTeam "Sachsen II"]
[WhiteTeamCountry "GER"]
[BlackTeamCountry "GER"]

1. d4 Nf6 2. c4 g6 3. Nc3 Bg7 4. e4 d6 5. f3 0-0 6. Be3 Na6 7. Bd3 c5 8. d5 Nd7 9. Nge2 Ne5 10. b3 f5 11. Rc1 Nb4 12. Bb1 fxe4 13. Nxe4 Qa5 14. N2c3 Bf5 15. Qd2 Rf7 16. 0-0 Na6 17. Ng5 Rf6 18. Bxf5 Rxf5 19. g4 Rff8 20. Ne6 Rf7 21. Kg2 Nc7 22. Nxg7 Kxg7 23. h3 Re8 24. f4 Nd7 25. Qb2 e5 26. fxe5 Rxf1 27. Rxf1 Nxe5 28. Ne4 Rd8 29. Nxd6 1-0

[Event "GER-chT Lands U20"]
[Site "Dresden"]
[Date "2008.11.16"]
[Round "4.5"]
[White "Medvedovski, Michael"]
[Black "Lehr, Albert"]
[Result "0-1"]
[WhiteElo "1756"]
[BlackElo "1668"]
[PlyCount "50"]
[EventDate "2008.11.14"]
[EventType "team-swiss"]
[EventRounds "7"]
[EventCountry "GER"]
[SourceTitle "EXT 2010"]
[Source "ChessBase"]
[SourceDate "2010.11.25"]
[SourceVersion "1"]
[SourceVersionDate "2010.11.25"]
[SourceQuality "1"]
[WhiteTeam "Hessen II"]
[BlackTeam "Sachsen II"]
[WhiteTeamCountry "GER"]
[BlackTeamCountry "GER"]

1. e4 c5 2. Nf3 d6 3. d4 cxd4 4. Nxd4 Nf6 5. Nc3 a6 6. Bc4 e6 7. Bb3 Be7 8. f4 Nbd7 9. f5 Nc5 10. fxe6 Nxe6 11. Nxe6 Bxe6 12. Bxe6 fxe6 13. Be3 0-0 14. 0-0 Qc7 15. Qe2 Rac8 16. Rac1 Qc6 17. Bf2 Nd7 18. Nd5 Rce8 19. Nxe7+ Rxe7 20. c4 Nc5 21. e5 dxe5 22. Qxe5 Nd3 23. Qg5 Ref7 24. Rc2 Qe4 25. Qc1 Nxc1 0-1

[Event "GER-chT Lands U20"]
[Site "Dresden"]
[Date "2008.11.14"]
[Round "2.5"]
[White "Franzenburg, Maria"]
[Black "Lehr, Albert"]
[Result "0-1"]
[WhiteElo "1661"]
[BlackElo "1668"]
[PlyCount "100"]
[EventDate "2008.11.14"]
[EventType "team-swiss"]
[EventRounds "7"]
[EventCountry "GER"]
[SourceTitle "EXT 2010"]
[Source "ChessBase"]
[SourceDate "2010.11.25"]
[SourceVersion "1"]
[SourceVersionDate "2010.11.25"]
[SourceQuality "1"]
[WhiteTeam "Schleswig Holstein"]
[BlackTeam "Sachsen II"]
[WhiteTeamCountry "GER"]
[BlackTeamCountry "GER"]

1. e4 c5 2. Nc3 Nc6 3. f4 e6 4. g3 d5 5. exd5 exd5 6. Bg2 Nf6 7. d3 Be6 8. Nf3 Be7 9. 0-0 Qb6 10. Kh1 0-0 11. h3 Rae8 12. g4 d4 13. Ne2 Nd7 14. Ng3 f5 15. g5 Bd6 16. Nh4 g6 17. Bf3 Qc7 18. Ng2 Nb6 19. h4 Nd5 20. Ne2 Re7 21. h5 Rff7 22. Bxd5 Bxd5 23. c4 Be6 24. Nh4 Rg7 25. Kg2 Bd7 26. Bd2 Be8 27. h6 Rgf7 28. a3 a5 29. Nf3 Re6 30. b4 Rfe7 31. Ne5 Nxe5 32. fxe5 Rxe5 33. Nf4 axb4 34. axb4 cxb4 35. Nd5 Bc6 36. Kg1 Bxd5 37. cxd5 Rxd5 38. Qb3 Ree5 39. Bf4 Qc3 40. Qa2 Qxd3 41. Qa8+ Bf8 42. Bxe5 Qe3+ 43. Rf2 Qxg5+ 44. Kf1 Rxe5 45. Qa2+ Kh8 46. Qf7 Qxh6 47. Qf6+ Qg7 48. Qxg7+ Kxg7 49. Ra7 Rb5 50. Rd2 Bc5 0-1